Grafická podpora práce s Petriho sieťami

Saved in:
Bibliographic Details
Main Author: Trebichavský, Martin (Author)
Other Authors: Ševčíková, Zuzana (Thesis advisor)
Format: Manuscript Book
Language:Slovak
Published: 2015
Subjects:
Online Access:http://is.stuba.sk/zp/portal_zp.pl?podrobnosti=97849
Tags: Add Tag
No Tags, Be the first to tag this record!

MARC

LEADER 00000ntm a22000003a 4500
001 stuzp49399
003 SK-STU
005 20160719153249.9
007 ta
008 150427s2015----xo-----f-mn---000-0-slo-d
040 |a STU  |b slo 
041 0 |a slo 
100 1 |a Trebichavský, Martin  |u 035000  |4 aut  |U FEI Fakulta elektrotechniky a informatiky  |T FEI Ústav informatiky a matematiky  |X 9140  |U E050  |Y 816  |7 9140 
242 0 1 |a Graphical Support Work with Petri Nets  |y eng 
245 1 0 |a Grafická podpora práce s Petriho sieťami 
260 |c 2015 
300 |a 38 s.  |b CD-ROM 
650 4 |a Petriho sieť  |2 slo 
650 4 |a čiastočný jazyk  |2 slo 
650 4 |a syntéza  |2 slo 
650 4 |a grafická podpora  |2 slo 
650 4 |a Petri net  |2 eng 
650 4 |a partial language  |2 eng 
650 4 |a synthesis  |2 eng 
650 4 |a graphic support  |2 eng 
700 1 |a Ševčíková, Zuzana  |4 ths  |X 42609  |7 A000042609 
856 4 |u http://is.stuba.sk/zp/portal_zp.pl?podrobnosti=97849 
996 |b 284ER01925  |c E*Bc- 1925  |l EE35  |s P  |a 0  |w stuzp49399_0001 
SQL |a stuzp49399  |b DBP  |c SLO  |d Grafická podpora práce s Petriho sieťami  |e 9140  |f Trebichavský, Martin  |g 035000  |h 42609  |i Ševčíková, Zuzana  |j 20150707  |k 73  |l 03  |m http://is.stuba.sk/zp/portal_zp.pl?podrobnosti=97849  |n B-API  |o 9.2.9. aplikovaná informatika